MARC details
| 000 -CABECERA |
| campo de control de longitud fija |
01042nam a2200253 a 4500 |
| 005 - FECHA Y HORA DE LA ÚLTIMA TRANSACCIÓN |
| campo de control |
20210223131931.0 |
| 008 - ELEMENTOS DE LONGITUD FIJA--INFORMACIÓN GENERAL |
| campo de control de longitud fija |
121114s1996 mx r 000 0 spa d |
| 020 ## - NÚMERO INTERNACIONAL NORMALIZADO PARA LIBROS |
| Número Internacional Estándar del Libro |
9688592129 |
| 035 ## - NÚMERO DE CONTROL DEL SISTEMA |
| Número de control de sistema |
UPN01000188552 |
| 049 ## - COLECCIÓN |
| Colección |
C |
| 050 #4 - SIGNATURA TOPOGRÁFICA DE LA BIBLIOTECA DEL CONGRESO |
| Número de clasificación |
HM701 |
| Número de documento/Ítem |
C6.3 |
| 100 1# - ASIENTO PRINCIPAL--NOMBRE PERSONAL |
| Nombre de persona |
Corsi, Giancarlo |
| 9 (RLIN) |
33821 |
| 245 10 - MENCIÓN DE TÍTULO |
| Título |
Glosario sobre la teoría social de Niklas Luhmann / |
| Mención de responsabilidad, etc. |
Corsi Giancarlo, Elena Esposito, Claudio Baraldi ; tr. Miguel Romero Pérez. |
| 260 ## - PUBLICACIÓN, DISTRIBUCIÓN, ETC. |
| Lugar de publicación, distribución, etc. |
México : |
| Nombre del editor, distribuidor, etc. |
Universidad Iberoamericana : |
| -- |
Instituto Tecnológico y de Estudios Superiores de Occidente, |
| Fecha de publicación, distribución, etc. |
1996. |
| 300 ## - DESCRIPCIÓN FÍSICA |
| Extensión |
191 p. |
| 440 #0 - MENCIÓN DE SERIE/ASIENTO SECUNDARIO--TÍTULO |
| Título |
Autores, textos y temas. |
| Designación de volumen o secuencia |
9. |
| Nombre de parte o sección de la obra |
Ciencias sociales |
| 534 ## - NOTA SOBRE LA VERSIÓN ORIGINAL |
| Frase introductoria |
Título original: |
| Mención de título del original |
Luhmann in glossario : i concetti fondamentali della teoria dei sistemi sociali |
| 650 #4 - ASIENTO SECUNDARIO DE MATERIA - TERMINO TEMATICO |
| Término de materia o nombre geográfico como elemento de entrada |
SISTEMAS SOCIALES - |
| Subdivisión general |
TERMINOLOGIA |
| 9 (RLIN) |
22083 |
| 600 14 - ASIENTO SECUNDARIO DE MATERIA - NOMBRE PERSONAL |
| Nombre de persona |
LUHMANN, NIKLAS, |
| Fechas asociadas al nombre |
1927-1998 - |
| Subdivisión general |
LENGUAJE - |
| Subdivisión de forma |
GLOSARIOS, VOCABULARIOS, ETC. |
| 9 (RLIN) |
22084 |
| 700 1# - ASIENTO SECUNDARIO--NOMBRE DE PERSONAL |
| Nombre de persona |
Baraldi, Claudio, |
| Término indicativo de función/relación |
coaut. |
| 700 1# - ASIENTO SECUNDARIO--NOMBRE DE PERSONAL |
| Nombre de persona |
Esposito, Elena, |
| Término indicativo de función/relación |
coaut. |
| 905 ## - TIPO DE MATERIAL |
| Tipo de material |
Libro |